[Event "SWE-chT 0102"]
[Site "Sweden"]
[Date "2002.03.15"]
[Round "9"]
[White "Degerman, Lars"]
[Black "Laveryd, Peter"]
[Result "1-0"]
[WhiteElo "2500"]
[BlackElo "2465"]
[PlyCount "83"]
[EventDate "2001.10.12"]
[EventType "team"]
[EventRounds "11"]
[EventCountry "SWE"]
[SourceTitle "EXT 2003"]
[Source "ChessBase"]
[SourceDate "2002.11.25"]
[SourceVersion "1"]
[SourceVersionDate "2002.11.25"]
[SourceQuality "1"]
[WhiteTeam "Farsta"]
[BlackTeam "Norrkoping Schack 08"]
[WhiteTeamCountry "SWE"]
[BlackTeamCountry "SWE"]

1. d4 d5 2. c4 c6 3. Nc3 Nf6 4. e3 a6 5. a4 Bf5 6. Qb3 Ra7 7. Nf3 e6 8. Be2 Nbd7 9. Nh4 Bg4 10. Bxg4 Nxg4 11. Nf3 Ngf6 12. 0-0 Qb6 13. Qxb6 Nxb6 14. c5 Nbd7 15. b4 Be7 16. Bd2 0-0 17. Rab1 Rc8 18. Rfc1 Kf8 19. Be1 g6 20. h3 Bd8 21. g4 Bc7 22. b5 axb5 23. axb5 Ra3 24. bxc6 bxc6 25. Rb7 e5 26. Nb5 cxb5 27. c6 Ba5 28. Bxa5 Rxa5 29. dxe5 b4 30. exf6 Nc5 31. Rxc5 Rxc5 32. Ne5 Rc1+ 33. Kg2 Kg8 34. Rxf7 R1xc6 35. Rg7+ Kf8 36. Nd7+ Ke8 37. f7+ Kd8 38. f8Q+ Kc7 39. Nb8+ Kxb8 40. Qxb4+ Rb6 41. Qxb6+ Ka8 42. Qb7# 1-0

[Event "SWE-chT 0102"]
[Site "Sweden"]
[Date "2002.03.02"]
[Round "8"]
[White "Djurhuus, Rune"]
[Black "Laveryd, Peter"]
[Result "1/2-1/2"]
[WhiteElo "2536"]
[BlackElo "2465"]
[PlyCount "99"]
[EventDate "2001.10.12"]
[EventType "team"]
[EventRounds "11"]
[EventCountry "SWE"]
[SourceTitle "EXT 2003"]
[Source "ChessBase"]
[SourceDate "2002.11.25"]
[SourceVersion "1"]
[SourceVersionDate "2002.11.25"]
[SourceQuality "1"]
[WhiteTeam "Skara"]
[BlackTeam "Norrkoping Schack 08"]
[WhiteTeamCountry "SWE"]
[BlackTeamCountry "SWE"]

1. e4 Nf6 2. Nc3 d5 3. exd5 Nxd5 4. Bc4 Nb6 5. Bb3 c5 6. Qh5 e6 7. Nf3 Nc6 8. d3 g6 9. Qh3 Nd4 10. Nxd4 cxd4 11. Ne4 h6 12. Qg3 Bg7 13. Nd6+ Kf8 14. Bf4 Nd5 15. Bxd5 Qa5+ 16. Bd2 Qxd5 17. Bb4 Kg8 18. Qf4 e5 19. Qe4 Be6 20. 0-0 Rd8 21. Qxd5 Bxd5 22. Ne4 Rc8 23. c3 dxc3 24. Bxc3 Kh7 25. Rfe1 Rhd8 26. Re3 Be6 27. a3 Rd5 28. Nd2 Rcd8 29. Nf3 Rxd3 30. Rxd3 Rxd3 31. Bxe5 Bd5 32. Ne1 Rd2 33. Bxg7 Kxg7 34. b4 Kf6 35. Rc1 Ra2 36. Rc3 Ke5 37. h4 Kd4 38. Re3 f5 39. Nf3+ Bxf3 40. Rxf3 Ke5 41. Re3+ Kf6 42. f4 g5 43. fxg5+ hxg5 44. hxg5+ Kxg5 45. Re7 Rxa3 46. Rxb7 Rb3 47. b5 Kf4 48. Kh2 Kg4 49. Rg7+ Kh5 50. Rxa7 1/2-1/2

[Event "SWE-chT 0102"]
[Site "Sweden"]
[Date "2002.02.09"]
[Round "7"]
[White "Laveryd, Peter"]
[Black "Berg, Emanuel"]
[Result "1/2-1/2"]
[WhiteElo "2465"]
[BlackElo "2456"]
[PlyCount "148"]
[EventDate "2001.10.12"]
[EventType "team"]
[EventRounds "11"]
[EventCountry "SWE"]
[SourceTitle "EXT 2003"]
[Source "ChessBase"]
[SourceDate "2002.11.25"]
[SourceVersion "1"]
[SourceVersionDate "2002.11.25"]
[SourceQuality "1"]
[WhiteTeam "Norrkoping Schack 08"]
[BlackTeam "Lunds"]
[WhiteTeamCountry "SWE"]
[BlackTeamCountry "SWE"]

1. d4 e6 2. g3 Nf6 3. Bg2 d5 4. c4 dxc4 5. Qa4+ Nfd7 6. Nc3 Nc6 7. Bxc6 bxc6 8. Qxc4 Rb8 9. Nf3 Bd6 10. 0-0 0-0 11. Ne4 Rb6 12. Qc2 e5 13. Be3 exd4 14. Bxd4 c5 15. Bc3 Re8 16. Rfe1 Qe7 17. Ned2 Ba6 18. e4 f6 19. b3 Qe6 20. Rad1 Qg4 21. Nh4 Nf8 22. Nc4 Ne6 23. Nxb6 axb6 24. Rxd6 cxd6 25. Qd1 Qxd1 26. Rxd1 Ng5 27. f3 Re6 28. Kf2 g6 29. Ng2 Nh3+ 30. Ke3 g5 31. Kd2 g4 32. fxg4 Nf2 33. Re1 Nxe4+ 34. Kc2 d5 35. Nf4 Rd6 36. Bb2 Kf7 37. Bc1 Ng5 38. h4 Nf3 39. Rh1 d4 40. g5 d3+ 41. Kd1 fxg5 42. hxg5 Nxg5 43. Bd2 h6 44. Re1 Kf6 45. Re8 Kf5 46. Ng2 Kg4 47. Ne3+ Kh3 48. Rf8 Rg6 49. Rf4 Ne6 50. Rh4+ Kxg3 51. Rxh6 Rxh6 52. Nf5+ Kf3 53. Bxh6 Ke4 54. Ng3+ Kf3 55. Nf5 Nc7 56. Kd2 Nd5 57. Nd6 Nb4 58. a3 Nc2 59. a4 Nd4 60. Kc3 Ke2 61. Ne4 Nf5 62. Bg5 Bb7 63. Nd2 Ne3 64. Bxe3 Kxe3 65. Nc4+ Ke2 66. Nd2 Bd5 67. Nb1 Kd1 68. Nd2 Kc1 69. Kxd3 Kb2 70. Nc4+ Kxb3 71. Nxb6 Bb7 72. Kd2 Bc6 73. a5 Bb7 74. Nd7 Kb4 1/2-1/2

[Event "SWE-chT 0102"]
[Site "Sweden"]
[Date "2002.01.19"]
[Round "6"]
[White "Laveryd, Peter"]
[Black "Winsnes, Rikard"]
[Result "1/2-1/2"]
[WhiteElo "2465"]
[BlackElo "2394"]
[PlyCount "32"]
[EventDate "2001.10.12"]
[EventType "team"]
[EventRounds "11"]
[EventCountry "SWE"]
[SourceTitle "EXT 2003"]
[Source "ChessBase"]
[SourceDate "2002.11.25"]
[SourceVersion "1"]
[SourceVersionDate "2002.11.25"]
[SourceQuality "1"]
[WhiteTeam "Norrkoping Schack 08"]
[BlackTeam "Manhem"]
[WhiteTeamCountry "SWE"]
[BlackTeamCountry "SWE"]

1. d4 Nf6 2. Nf3 g6 3. Bf4 d6 4. h3 Bg7 5. e3 0-0 6. Be2 b6 7. 0-0 Bb7 8. Nbd2 Nbd7 9. c3 e6 10. a4 a5 11. Qb3 Re8 12. Rfd1 h6 13. Bb5 Qe7 14. Qc2 e5 15. dxe5 dxe5 16. Bh2 Rac8 1/2-1/2